000 00353nam a2200109Ia 4500
008 090122s9999 xx 000 0 und d
082 _b6515
_aR : 65
245 _aबाप रखुमादे विवरू
630 _aबाप रखुमादे विवरू
730 _aबाप रखुमादे विवरू
942 _cBOOK
999 _c30592
_d30592